| 000 -LEADER |
| fixed length control field |
01002cam a22002294a 4500 |
| 020 ## - INTERNATIONAL STANDARD BOOK NUMBER |
| ISBN |
9747946688 |
| 040 ## - CATALOGING SOURCE |
| Transcribing agency |
DLC |
| 082 ## - DEWEY DECIMAL CLASSIFICATION NUMBER |
| Classification number |
634 FOO 2005 A053 Or. |
| 245 00 - TITLE STATEMENT |
| Title |
In search of excellence : |
| Remainder of title |
exemplary forest management in Asia and the Pacific / |
| 260 ## - PUBLICATION, DISTRIBUTION, ETC. (IMPRINT) |
| Place of publication |
Bangkok : |
| Name of publisher |
Food and Agriculture Organization of the United Nations, Regional Office for Asia and the Pacific : |
| -- |
Regional Community Forestry Training Center for Asia and the Pacific, |
| Year of publication |
2005. |
| 300 ## - PHYSICAL DESCRIPTION |
| Number of Pages |
x, 404 p. : |
| Other physical details |
col. ill., maps ; |
| Dimensions |
27 cm. |
| 490 0# - SERIES STATEMENT |
| Series statement |
RAP publication ; |
| 500 ## - GENERAL NOTE |
| General note |
At head of title: Asia-Pacific Forestry Commission. |
| 520 ## - SUMMARY, ETC. |
| Summary, etc |
Contributed articles. |
| 650 #0 - SUBJECT ADDED ENTRY--TOPICAL TERM |
| Topical Term |
Forest management |
| 700 1# - ADDED ENTRY--PERSONAL NAME |
| Personal name |
Durst, Patrick B. |
| 710 2# - ADDED ENTRY--CORPORATE NAME |
| Corporate name or jurisdiction name as entry element |
FAO Regional Office for Asia and the Pacific. |
| 710 2# - ADDED ENTRY--CORPORATE NAME |
| Corporate name or jurisdiction name as entry element |
Regional Community Forestry Training Center for Asia-Pacific (Bangkok, Thailand) |
| 710 2# - ADDED ENTRY--CORPORATE NAME |
| Corporate name or jurisdiction name as entry element |
Asia-Pacific Forestry Commission. |
| 856 41 - ELECTRONIC LOCATION AND ACCESS |
| Uniform Resource Identifier |
http://www.loc.gov/catdir/toc/fy0713/2006454408.html |
| 942 ## - ADDED ENTRY ELEMENTS (KOHA) |
| Koha item type |
សៀវភៅភាសាអង់គ្លេស |
| 952 ## - LOCATION AND ITEM INFORMATION (KOHA) |
| Withdrawn status [LOCAL, KOHA] |
0 |